00912nam a2200169 a 450000100060000000300090000600800410001502000150005604000280007108200170009910000570011624500520017326000450022530000090027050504220027965000410070120488CO-ViMGA141112s2004 ck r 000 u spa d a8479037369 aCO-ViMGAbspacCO-ViMGA04a616.12 T373i1 aTeresa de Galván, Eduardo; Anguita Sanchez, Manuel10aInsuficiencia cardiaca : bDatos para el debate aMadrid : bmedica panAméricana, c2002 a288p aTratamiento diuretico en la insuficiencia cardíaca estamos empleando bien los diureticos en nuestros enfermos? 23 - - Cual es el papel de los bloqueantes del receptor de angiotensina 75 - - Muerte súbita, arritmias e insuficiencia cardiaca 121 - - Marcapasos y resincronización ventricular en la insuficiencia cardiaca 197 - - Exixte la insuficiencia cardíaca diastólica? Y si es así, como tratarla? 255 14aINSUFICIENCIA CARDIACA - TRATAMIENTO